1097 1760 1277 1798 1059 1364 1983 1475 1967 1408 1574 1189 1085 1512 1280 1044 1614 1441 1617 1378 1863 1526 1643 1611 1539 1815 1527 1944 1357 1290 1971 1014 1137 1476 1695 1431 1596 1402 1958 1848 1031 1610 1667 1171 1008 1661 1796 1564 1131 1688 1893 1384 1075 1727 1800 1529 1237 1390 1692 1929 1022 1679 1265 1751 1282 1222 1557 1664 1392 1664 1967 1022 1331 1107 1974 1722 1626 1814 1644 1286 1002 1102 1114 1190 1157 1699 1046 1327 1134 1400 1471 1103 1523 1988 1481 1093 1783 1042 1962 BCNSPRNW ULIB Ver.6.0+V

เปลี่ยนเป็นภาษาไทย

Change to English
 แสดงรายละเอียดบรรณานุกรม
  กลับหน้าหลัก

Brief Record : Get Marc (ISO 2709) : E-mail record : QR code < ปิดหน้าต่าง
LEADER : 00000nam 2200000uu 4500
001    13399128834
003     ULIB
008    241009s2564||||th 000 0 tha d
020    ^a9789740339939
050  4 ^aHM251^bช647จ
100 0  ^aชูชัย สมิทธิไกร
245 10 ^aจิตวิทยาสังคม =^bSocial psychology /^cชูชัย สมิทธิไกร
246 31 ^aSocial psychology
250    ^aพิมพ์ครั้งที่ 2
260    ^aกรุงเทพฯ :^bสำนักพิมพ์จุฬาลงกรณ์มหาวิทยาลัย,^c2564
300    ^a311 หน้า :^bภาพประกอบ ;^c26 ซม.
504    ^aมีบรรณานุกรมและดัชนี
650  4 ^aจิตวิทยาสังคม
650  4 ^aทัศนคติ
945    ^p340^l0^i011049
945    ^p340^l0^i011050
945    ^p340^l0^i011051
999    ^aประนอม เกษจรัล
รายการนี้ยังไม่มีแท็ก
คุณยังไม่ได้ล็อกอิน คุณสามารถมีกิจกรรมร่วมกับเว็บไซต์ได้ แต่ต้องล็อกอินก่อน ::
  ล็อกอิน

รายการสื่อสารสนเทศ

ลำดับที่ ประเภท เลขเรียก/บาร์โค้ด สถานที่ สถานะ
1. การศึกษาทั่วไป
หนังสือสำรอง
สถานะ=หนังสือสำรอง
HM251 ช647จ ฉ.1 
  Barcode: 011049
ห้องสมุดวิทยาเขตสวรรค์ประชารักษ์
►หนังสือทั่วไป
บนชั้น
2. การศึกษาทั่วไป
การศึกษาทั่วไป
HM251 ช647จ ฉ.2 
  Barcode: 011050
ห้องสมุดวิทยาเขตสวรรค์ประชารักษ์
►หนังสือทั่วไป
บนชั้น
3. การศึกษาทั่วไป
การศึกษาทั่วไป
HM251 ช647จ ฉ.3 
  Barcode: 011051
ห้องสมุดวิทยาเขตสวรรค์ประชารักษ์
►หนังสือทั่วไป
บนชั้น

รายการใกล้เคียง
    ผู้แต่ง [ชูชัย สมิทธิไกร]

    หัวเรื่อง [จิตวิทยาสังคม]
    หัวเรื่อง [ทัศนคติ]

BibComment


ยังไม่เคยถูกคอมเมนท์

คอมเมนท์ทรัพยากรรายการนี้
  คอมเมนท์: จิตวิทยาสังคม S..


 Copyright 2026. Bcnsprnw @Library